00538 2200205 4500001002100000005001700021008004100038035002400079082001000103090001700113100001700130245004400147260002800191300002900219500003100248650002000279850001200299985000600311999001500317YOGYA-0209000005997020090227035735.0 ind  0010-020900000059970 a330.1 a330.1bAna L aANANTA, Aris aLandasan ekonomitrikacoleh Aris Ananta aJakartabGramediac1987 axi, 158 hlmbikusc21 cm aBibliografi : hlm. 147-148 aEkonommi, teori aYOPDYOG a1 aP000029828